=LDR 00000nam 2200000 4500 =001 INLIS000000000056645 =005 20200921081402 =035 ##$$a 0010-0920000276 =007 ta =008 200921###########################0###### =082 ##$$a 328.959 865 21 =084 ##$$a 328.959 865 21 Pro p =245 1#$$a Prosiding seminar nasional saintek 2018n : $b Teknologi dan rekayasa sosial ekonomi berkelanjutan untuk kedaulatan pangan, energi dan lingkungan di kawasan pulau pulau kecil lombok plaza hotel mataram, 27 oktober 2018 /$c Muhamma ali =300 ##$$a 650 halaman ; $c 28 cm =700 #$$a Dedy Suhendra =700 #$$a Sudirman =700 #$$a Guyup Mahardian Dwi Putra =700 #$$a Fariq Azhar =600 #4$$a Teknologi Pedesaan - Prosiding =264 ##$$a Mataram :$b LPPM Universitas Mataram,$c 2018 =336 ##$$a Text, Gambar$2 rdacontent =337 ##$$a Buku$2 rdamedia =338 ##$$a Lain-lain$2 rdacarrier =990 ##$$a 33773377 =990 ##$$a 117/49/2020